| 000 | 00395nam a22001577a 4500 | ||
|---|---|---|---|
| 003 | NUST | ||
| 020 | _a9780070702622 | ||
| 038 | _akhadija | ||
| 082 |
_a621.367 _bGON |
||
| 100 |
_aGonzalez, C. Rafael _983301 |
||
| 245 |
_aDigital Image Processing Using Matlab / _cRafael C. Gonzalez |
||
| 250 | _a2nd | ||
| 260 |
_aNew Delhi _bMcGraw Hill Education _c2010 |
||
| 563 | _aPB | ||
| 942 |
_2ddc _cBK |
||
| 999 |
_c586586 _d586586 |
||